[Event "GRE-ch U20"]
[Site "Trikala"]
[Date "2021.08.28"]
[Round "8"]
[White "Maggos, Nikolaos"]
[Black "Koukouvinos, Viktor"]
[Result "1/2-1/2"]
[WhiteElo "1485"]
[BlackElo "1719"]
[PlyCount "59"]
[EventDate "2021.08.23"]
[EventType "swiss"]
[EventRounds "9"]
[EventCountry "GRE"]
[SourceTitle "EXT 2022"]
[Source "ChessBase"]
[SourceDate "2021.10.06"]
[SourceVersion "1"]
[SourceVersionDate "2021.10.06"]
[SourceQuality "1"]

1. e4 c6 2. d4 d5 3. Nc3 dxe4 4. Nxe4 Bf5 5. Ng3 Bg6 6. h4 h6 7. Nf3 Nd7 8. Bd3 Bxd3 9. Qxd3 Ngf6 10. Bd2 Qc7 11. 0-0-0 e6 12. Kb1 Bd6 13. Ne4 Nxe4 14. Qxe4 Nf6 15. Qe2 0-0-0 16. c4 c5 17. Bc3 Rhe8 18. Rhe1 Kb8 19. dxc5 Qxc5 20. Rxd6 Rxd6 21. Qe5 Qc7 22. Qxd6 Qxd6 23. Be5 Qxe5 24. Nxe5 Re7 25. Re3 Nd7 26. Kc2 Kc7 27. Nxd7 Kxd7 28. Ra3 a6 29. h5 e5 30. Rg3 1/2-1/2